Normal view
MARC view
- Dr. Rana Hammad Raza.
Entry Personal Name
001 - CONTROL NUMBER
- control field: 29931
003 - CONTROL NUMBER IDENTIFIER
- control field: NUST
005 - DATE AND TIME OF LATEST TRANSACTION
- control field: 20200904145339.0
008 - FIXED-LENGTH DATA ELEMENTS
- fixed length control field: 200904|| aca||aabn | a|a d
040 ## - CATALOGING SOURCE
- Original cataloging agency: NUST
- Transcribing agency: NUST
100 ## - HEADING--PERSONAL NAME
- Personal name: Dr. Rana Hammad Raza.
670 ## - SOURCE DATA FOUND
- Source citation: Work cat.: (NUST): Muhammad Abdul Rehman Hashmi. 29929, Landmark based Audio Fingerprinting for Naval Vessels using Deep Learning /, 2017.
